000 00361 a2200169 4500
001 187139
020 _a85-349-2468-6
040 _cMagnum
100 _aFrance, Marycarolyn
240 1 0 _aCinderela brasileira
_lpor
245 1 0 _aCinderela brasileira
300 _a32
362 0 _a2006
440 1 _aPaulus
697 _aLITERATURA INFANTO
942 _cBK
999 _c187139
_d187139